| 000 | 00592nam a22001817a 4500 | ||
|---|---|---|---|
| 005 | 20171023150516.0 | ||
| 010 | _aENG-120894 | ||
| 020 |
_c499.00 _a97893500095829 |
||
| 035 | _aEN-104426 | ||
| 037 | _bDBAD/PUB | ||
| 082 | _a658.85 | ||
| 100 | _aBagchi,Suborto | ||
| 245 |
_aSell : _cby Subroto Bagchi _bthe art, the science,the witcheraft / |
||
| 260 |
_aGurugam _bHachette Book Publishing _c2017 |
||
| 270 |
_a4 th & 5th Floors, Corporate Center, Plot N0-94,Sector 44 _bGurugram (Haryana) _e122003 |
||
| 300 |
_axiv,244p. _c22cm(Hb) |
||
| 942 |
_2ddc _cEN _h658.85 _mBAG |
||
| 999 |
_c146780 _d146780 |
||